REPETITIVE MANUFACTURING PRODUCTION PLANNING (Record no. 585179)
[ view plain ]
| 000 -LEADER | |
|---|---|
| fixed length control field | 00377nam a22001337a 4500 |
| 020 ## - INTERNATIONAL STANDARD BOOK NUMBER | |
| International Standard Book Number | 0-471-84836-0 |
| 082 ## - DEWEY DECIMAL CLASSIFICATION NUMBER | |
| Classification number | 658.503 GES'P |
| 100 ## - MAIN ENTRY--PERSONAL NAME | |
| Personal name | GESSNER, ROBERT A |
| 9 (RLIN) | 80221 |
| 245 ## - TITLE STATEMENT | |
| Title | REPETITIVE MANUFACTURING PRODUCTION PLANNING |
| 260 ## - PUBLICATION, DISTRIBUTION, ETC. | |
| Place of publication, distribution, etc. | NEWYORK |
| Name of publisher, distributor, etc. | JOHN WILEY |
| Date of publication, distribution, etc. | 1988 |
| 300 ## - PHYSICAL DESCRIPTION | |
| Extent | 198P |
| 650 ## - SUBJECT ADDED ENTRY--TOPICAL TERM | |
| Topical term or geographic name entry element | PRODUCTION PLANNING REPETITIVE MANUFACTURING SYSTEMS |
| 9 (RLIN) | 80222 |
| 942 ## - ADDED ENTRY ELEMENTS (KOHA) | |
| Koha item type | Book |
| Withdrawn status | Lost status | Damaged status | Not for loan | Permanent Location | Current Location | Shelving location | Date acquired | Total Checkouts | Full call number | Barcode | Date last seen | Price effective from | Koha item type |
|---|---|---|---|---|---|---|---|---|---|---|---|---|---|
| College of Electrical & Mechanical Engineering (CEME) | College of Electrical & Mechanical Engineering (CEME) | General Stacks | 07/06/2017 | 658.503 GES'P | CEME-23952 | 06/28/2021 | 06/28/2021 | Book |
